You, the parent. (Record no. 14700)

000 -LEADER
fixed length control field 00636nam a2200205 a 4500
001 - CONTROL NUMBER
control field :::00012533$&:&@@
003 - CONTROL NUMBER IDENTIFIER
control field OkBaRHE
005 - DATE AND TIME OF LATEST TRANSACTION
control field 20000607103420.0
008 - FIXED-LENGTH DATA ELEMENTS--GENERAL INFORMATION
fixed length control field s1976 j 000 0 eng u
040 ## - CATALOGING SOURCE
Transcribing agency
100 1# - MAIN ENTRY--PERSONAL NAME
Personal name Richards, Lawrence O.
245 10 - TITLE STATEMENT
Title You, the parent.
260 ## - PUBLICATION, DISTRIBUTION, ETC. (IMPRINT)
Place of publication, distribution, etc Chicago, IL., :
Name of publisher, distributor, etc Moody Press
Date of publication, distribution, etc 1976
300 ## - PHYSICAL DESCRIPTION
Extent 121 p. : illus. ;
Dimensions 22 cm.
490 0# - SERIES STATEMENT
Series statement Effective teaching series.
650 ## - SUBJECT ADDED ENTRY--TOPICAL TERM
Topical term or geographic name as entry element Parent and Child
650 ## - SUBJECT ADDED ENTRY--TOPICAL TERM
Topical term or geographic name as entry element Parenting
General subdivision Religious Aspects
-- Christianity
942 ## - ADDED ENTRY ELEMENTS (KOHA)
Source of classification or shelving scheme
Koha item type Books
Copies
Koha item type Copy number Shelving location Price effective from Date acquired Permanent Location Lost status Damaged status Date last seen Source of classification or shelving scheme Barcode Not for loan Withdrawn status Full call number
Books1General Stacks2010-04-142010-04-14RHEMA Bible Training College  2010-04-14 12533  HQ 755.8 .R43